Germany in Eurovision (1956-2025) - Statistics

General Stats
  • This quiz has been taken 14 times
  • The average score is 31 of 70
Answer Stats
Year Song title Result % Correct
2016 Ghost 26
100%
1982 Ein bißchen Frieden 1
89%
2010 Satellite 1
89%
2000 Wadde hadde dudde da? 5
89%
2024 Always on the Run 12
78%
2025 Baller 15
78%
2015 Black Smoke 27
78%
2023 Blood & Glitter 26
78%
2021 I Don't Feel Hate 25
78%
2006 No No Never 14
78%
2022 Rockstars 25
78%
2019 Sister 25
67%
2012 Standing Still 8
67%
2011 Taken by a Stranger 10
67%
2020 Violent Thing N/A
67%
2013 Glorious 21
56%
1998 Guildo hat euch lieb 7
56%
2002 I Can't Live Without Music 21
56%
2014 Is It Right 18
56%
2003 Let's Get Happy 11
56%
2009 Miss Kiss Kiss Bang 20
56%
2017 Perfect Life 25
56%
2005 Run & Hide 24
56%
1957 Telefon, Telefon 4
56%
1980 Theater 2
56%
2001 Wer Liebe lebt 8
56%
1994 Wir geben 'ne Party 3
56%
1971 Diese Welt 3
44%
2008 Disappear 23
44%
1979 Dschinghis Khan 4
44%
1989 Flieger 14
44%
2007 Frauen regier'n die Welt 19
44%
1988 Lied für einen Freund 14
44%
1983 Rücksicht 5
44%
1956 So geht das jede Nacht N/A
44%
2018 You Let Me Walk Alone 4
44%
1997 Zeit 18
44%
1984 Aufrecht geh'n 13
33%
2004 Can't Wait Until Tonight 8
33%
1991 Dieser Traum darf niemals sterben 18
33%
1975 Ein Lied kann eine Brücke sein 17
33%
1990 Frei zu leben 9
33%
1985 Für alle 2
33%
1958 Für zwei Groschen Musik 7
33%
1956 Im Wartesaal zum großen Glück N/A
33%
1981 Johnny Blue 2
33%
1963 Marcel 9
33%
1969 Primaballerina 9
33%
1977 Telegram 8
33%
1993 Viel zu weit 18
33%
1962 Zwei kleine Italiener 6
33%
1967 Anouschka 8
22%
1960 Bonne nuit ma chérie 4
22%
1974 Die Sommermelodie 14
22%
1978 Feuer 6
22%
1973 Junger Tag 8
22%
1987 Laß die Sonne in dein Herz 2
22%
1964 Man gewöhnt sich so schnell an das Schöne 13
22%
1972 Nur die Liebe läßt uns leben 3
22%
1999 Reise nach Jerusalem – Kudüs'e Seyahat 3
22%
1976 Sing, Sang, Song 15
22%
1992 Träume sind für alle da 16
22%
1986 Über die Brücke geh'n 8
22%
1995 Verliebt in Dich 23
22%
1970 Wunder gibt es immer wieder 3
22%
1966 Die Zeiger der Uhr 10
11%
1968 Ein Hoch der Liebe 6
11%
1961 Einmal sehen wir uns wieder 13
11%
1959 Heut' woll'n wir tanzen geh'n 8
11%
1965 Paradies, wo bist du? 15
11%
No matching quizzes found
Score Distribution
Percent of People with Each Score
Percentile by Number Answered
Your Score History
You have not taken this quiz